Migración de retorno en espacios globales: aproximaciones teóricas /
Збережено в:
| Автор: | |
|---|---|
| Формат: | Текст |
| Теги: |
Додати тег
Немає тегів, Будьте першим, хто поставить тег для цього запису!
|
MARC
| LEADER | 00000 a a2200000 04500 | ||
|---|---|---|---|
| 001 | 48263 | ||
| 003 | |||
| 040 | |||
| 100 | |a Ballesteros Pérez, Xochitl | ||
| 245 | |a Migración de retorno en espacios globales: |b aproximaciones teóricas / |c Xochitl Ballesteros Pérez | ||
| 773 | |g páginas 179-198 | ||
| 999 | |c 38775 |d 38775 | ||
